Statistics for Every Country to have hosted the FIFA World cup

Click here to take the quiz!

General Stats

  • This quiz has been taken 42 times
  • The average score is 32 of 33

Answer Stats

YearContinentAnswer% Correct
2030Centenary Match
South America
Argentina
100%
1978South AmericaArgentina
100%
1950South AmericaBrazil
100%
2014South AmericaBrazil
100%
2026North AmericaCanada
100%
1938EuropeFrance
100%
1998EuropeFrance
100%
1934EuropeItaly
100%
1990EuropeItaly
100%
2002AsiaJapan
100%
2026North AmericaMexico
100%
1986North AmericaMexico
100%
1970North AmericaMexico
100%
2022AsiaQatar
100%
1982EuropeSpain
100%
2030EuropeSpain
100%
2030Centenary Match
South America
Uruguay
100%
1930South AmericaUruguay
100%
1962South AmericaChile
97%
2006EuropeGermany
97%
1974EuropeGermany
97%
2018EuropeRussia
97%
2010AfricaSouth Africa
97%
2002AsiaSouth Korea
97%
1994North AmericaUSA
97%
2026North AmericaUSA
97%
2030EuropePortugal
95%
1966EuropeEngland
92%
1958EuropeSweden
92%
2030AfricaMorocco
90%
1954EuropeSwitzerland
90%
2034AsiaSaudi Arabia
87%
2030Centenary Match
South America
Paraguay
77%

Score Distribution

Percentile by Number Answered

Percent of People with Each Score

Your Score History

You have not taken this quiz